La oviposición de Ormithodoros Erraticus ( Lucas , 1849) en condiciones experimentales y algunas observaciones sobre su biología / (Record no. 111253)
[ view plain ]
| 000 -LEADER | |
|---|---|
| campo de control de longitud fija | 00699nam a2200169 4500 |
| 001 - NÚMERO DE CONTROL | |
| campo de control | 111253 |
| 003 - IDENTIFICADOR DE NÚMERO DE CONTROL | |
| campo de control | ES-MaACL |
| 005 - FECHA Y HORA DE LA ÚLTIMA TRANSACCIÓN | |
| campo de control | 20230906185254.0 |
| 007 - CAMPO FIJO DE DESCRIPCIÓN FÍSICA--INFORMACIÓN GENERAL | |
| campo de control de longitud fija | t| |
| 008 - DATOS DE LONGITUD FIJA--INFORMACIÓN GENERAL | |
| campo de control de longitud fija | 061121s1950 ag r ||||1| spa d |
| 100 1# - ENTRADA PRINCIPAL--NOMBRE DE PERSONA | |
| Nombre de persona | Nájera Angulo, Luis. |
| 9 (RLIN) | 84870 |
| 245 13 - MENCIÓN DEL TÍTULO | |
| Título | La oviposición de Ormithodoros Erraticus ( Lucas , 1849) en condiciones experimentales y algunas observaciones sobre su biología / |
| Mención de responsabilidad, etc. | Dr. Luis Nájera. |
| 260 ## - PUBLICACIÓN, DISTRIBUCIÓN, ETC. | |
| Lugar de publicación, distribución, etc. | Santa Fé ( Argentina) : |
| Nombre del editor, distribuidor, etc. | [s.n], |
| Fecha de publicación, distribución, etc. | 1950 ( |
| Fabricante | Imp. Universidad Nacional del Litera) |
| 300 ## - DESCRIPCIÓN FÍSICA | |
| Extensión | 14 h. 1 lám.1 gráf. pleg. ; |
| Dimensiones | 26 cm. |
| 500 ## - NOTA GENERAL | |
| Nota general | Es separata de Anales de Medicina Públia. Vol. II. Nº 3-4, pág. 503-529. |
| 852 ## - LOCALIZACIÓN | |
| Ubicación | ES-MaACL |
| Número de control de estantería | 1941-F-19 |
| Sublocalización o colección | R.31662 |
| Estatus retirado | Estado de pérdida | Estado de daño | No para préstamo | Colección | Biblioteca de origen | Biblioteca actual | Ubicación en estantería | Fecha de adquisición | Fuente de adquisición | Total de préstamos | Signatura topográfica completa | Código de barras | Visto por última vez | Precio de reemplazo | Tipo de ítem Koha |
|---|---|---|---|---|---|---|---|---|---|---|---|---|---|---|---|
| Colección de folletos | Biblioteca del Ateneo de Madrid | Biblioteca del Ateneo de Madrid | Depósito folletos | 17/01/2008 | 1941-F-19 | 1116072 | 23/02/2023 | 23/02/2023 | Folleto |
